Fr. Conceicao Rodrigues College of Engineering

An Introduction to Analog and Digital Communications (Record no. 31157)

MARC details
000 -LEADER
fixed length control field 00351nam a2200157Ia 4500
082 ## - DEWEY DECIMAL CLASSIFICATION NUMBER
Classification number 621.382/HAY
Item number HAY
100 ## - MAIN ENTRY--PERSONAL NAME
Personal name Haykin/Simon
245 ## - TITLE STATEMENT
Title An Introduction to Analog and Digital Communications
260 ## - PUBLICATION, DISTRIBUTION, ETC.
Name of publisher, distributor, etc. Wiley
Date of publication, distribution, etc. 1994
366 ## - TRADE AVAILABILITY INFORMATION
Publishers's discount category 20
300 ## - PHYSICAL DESCRIPTION
Extent 652
546 ## - LANGUAGE NOTE
Language note ENGLISH
650 ## - SUBJECT ADDED ENTRY--TOPICAL TERM
Topical term or geographic name entry element Communications
654 ## - SUBJECT ADDED ENTRY--FACETED TOPICAL TERMS
Focus term analog
942 ## - ADDED ENTRY ELEMENTS (KOHA)
Koha item type BOOK
Holdings
Withdrawn status Lost status Damaged status Not for loan Collection Home library Current library Shelving location Date acquired Source of acquisition Cost, normal purchase price Total Checkouts Full call number Barcode Date last seen Date last checked out Cost, replacement price Price effective from Koha item type
        CRC Fr. Agnel's C.Rodrigues College of Engineering Fr. Agnel's C.Rodrigues College of Engineering   17/03/2023 Professional Book House. 236.85 1 621.382/HAY HAY 17348 01/08/2024 31/07/2024 256.85   BOOK